000 00485nam a2200169Ia 4500
008 240729s9999 xx 000 0 und d
022 _a2682-4140
245 0 _aMicrobes and Infectious Diseases
260 _aEgypt
260 _bZagazig University, Faculty of Medicine
650 _a Infectious and parasitic diseases
650 _a Internal medicine
650 _aMedicine
856 _uhttps://doaj.org/toc/b8057a6e42134ce49506ec830c8b6f61
942 _2ddc
942 _cDOAJEJ
999 _c69115
_d69115
945 _a1
_bMadushi Gamage
_c1
_dMadushi Gamage